| 000 | 00634nam a2200253Ia 4500 | ||
|---|---|---|---|
| 008 | 210210b2017 xxu||||| |||| 00| 0 eng d | ||
| 020 | _a9780199468157 | ||
| 041 | _aeng | ||
| 082 | _a305.56 GORP | ||
| 100 | _aGORRINGE (Hugo) | ||
| 245 | _aPanthers in parliament: dalits caste and political power in South India | ||
| 260 |
_aNew Delhi _bOxford University Press _c2017 |
||
| 300 | _axxvi,397 | ||
| 650 | _aSouth | ||
| 650 | _apower | ||
| 650 | _apolitical | ||
| 650 | _aparliament: | ||
| 650 | _aPanthers | ||
| 650 | _aIndia | ||
| 650 | _adalits | ||
| 650 | _acaste | ||
| 690 | _aSocial Classes | ||
| 906 | _a071834 | ||
| 999 |
_c121605 _d121605 |
||